000
00286nam a22001217a 4500
003
SGT
082
_a
618.2
_b
I06P
100
_a
PETERSEN, EIKO E.
245
_a
INFECTIONS IN OBSTETRICS AND GYNECOLOGY by GANDHI
260
_a
NEW YORK
_b
THIEME
_c
2006
300
_a
2260
942
_2
ddc
_c
BK
999
_c
15028
_d
15028